| 000 | 00456nam a22001937a 4500 | ||
|---|---|---|---|
| 003 | OSt | ||
| 008 | 250402b |||||||| |||| 00| 0 eng d | ||
| 020 | _a9789353502881 | ||
| 082 | _a616.89 BAA | ||
| 100 | _aBARLOW,David H | ||
| 245 | _aAbnormal Psychology | ||
| 250 | _a8th Ed | ||
| 260 |
_aNew Delhi _bCengage _c2024 |
||
| 300 | _a597 | ||
| 650 | _aAbnormal Psychology | ||
| 700 | _aDURAND,V Mark | ||
| 700 | _aHOFMANN,Stefan G | ||
| 942 |
_2ddc _cREF |
||
| 999 |
_c13199 _d13199 |
||